| 000 | 00345nam a22001337a 4500 | ||
|---|---|---|---|
| 003 | SGT | ||
| 020 | _a9789349202542 | ||
| 082 | _a371.92,YAD | ||
| 100 | _aYADAV PRIYANKA | ||
| 245 | _aADULTHOOD AND FAMILY ISSUES OF PERSONS WITH INTELLECTUAL DISABILITY | ||
| 260 |
_aNEW DELHI _bV.R BOOK INTERNATIONAL _c2025 |
||
| 300 | _a196 | ||
| 942 |
_2ddc _cBK |
||
| 999 |
_c33229 _d33229 |
||